| LEADER |
01305nam0a2200205 450 |
| 001 |
16868170 |
| 010 |
|
|
|a 978-2-38051-028-7
|b rel.
|
| 100 |
|
|
|a 20260331d2026 u u0frey01 ba
|
| 101 |
0 |
|
|a fre
|
| 102 |
|
|
|a FR
|
| 200 |
0 |
|
|a Dis, c'est quoi le bonheur ?
|f Emma Robert, Romain Lubière
|
| 207 |
|
1 |
|a
|
| 210 |
|
|
|a [Levallois-Perret]
|c the Marketing store worldwide
|d DL 2022
|
| 215 |
|
|
|a 1 vol. (non paginé [30] p.)
|c ill. en coul.
|d 23 cm
|
| 330 |
|
|
|a Pour trouver la réponse, il part à la rencontre des créatures de la forêt. Et à tous il leur demande : « Dis, cest quoi le bonheur ? ». Tous ont des réponses différentes : pour la fleur, cest de sentir les rayons du soleil réchauffer doucement ses pétales, pour le grand chêne, cest de se sentir beau et majestueux, pour loiseau, cest de planer en liberté alors que pour lours, cest de se gratter le dos contre un arbre et de se régaler de miel. Après avoir rencontré aussi des campagnols et un papillon, cest avec un enfant quil réalisera que le bonheur peut prendre beaucoup de formes.
|
| 700 |
|
0 |
|a Robert
|b Emma
|f 1979-....
|4 70
|
| 701 |
|
0 |
|a Lubière
|b Romain
|f 1981-....
|4 70
|
| 900 |
|
|
|a Roman (enfants)
|
| 901 |
|
|
|a Jeunesse
|
| 995 |
|
|
|a Médiathèque
|c Médiathèque
|f 089021807
|h 089021807
|k E ROB
|o p
|q j
|r az
|e Médiathèque
|